Normal view
MARC view
Entry Término temático
001 - NÚMERO DE CONTROL
- campo de control: 188250
003 - IDENTIFICADOR DEL NÚMERO DE CONTROL
- campo de control: CHAP
005 - FECHA Y HORA DE LA ÚLTIMA TRANSACCIÓN
- campo de control: 20231109093141.0
008 - DATOS DE LONGITUD FIJA
- campo de control de longitud fija: 231109|| aca||babn | a|a d
040 ## - FUENTE DE LA CATALOGACIÓN
- Centro catalogador/agencia de origen: Z
- Centro/agencia transcriptor: CHAP
150 1# - ENCABEZAMIENTO--TÉRMINO DE MATERIA
- Término de materia o nombre geográfico como elemento de entrada: Examen neurológico
670 ## - FUENTE DE DATOS ENCONTRADOS
- Cita de la fuente: Mínguez Molina, Juan José. Manual práctico de neurología veterinaria. 2015
